[Event "Belgrade-chT"]
[Site "Belgrade"]
[Date "2009.10.06"]
[Round "3"]
[White "Jovic, Aleksandar"]
[Black "Milicevic I, Predrag"]
[Result "1/2-1/2"]
[WhiteElo "2364"]
[BlackElo "2191"]
[PlyCount "75"]
[EventDate "2009.10.04"]
[EventType "team-tourn"]
[EventRounds "9"]
[EventCountry "YUG"]
[SourceTitle "CBM 132 Extra"]
[Source "ChessBase"]
[SourceDate "2009.11.03"]
[SourceVersion "1"]
[SourceVersionDate "2009.11.03"]
[SourceQuality "1"]

1. c4 f5 2. g3 Nf6 3. Bg2 g6 4. Nc3 Bg7 5. d4 0-0 6. Nh3 d6 7. 0-0 e5 8. dxe5 dxe5 9. Nb5 Na6 10. b3 Qe7 11. Ba3 Nc5 12. Qd2 e4 13. Nf4 b6 14. Rad1 Bb7 15. Bxc5 bxc5 16. Qa5 Rf7 17. e3 g5 18. Nd5 Nxd5 19. cxd5 Be5 20. Rd2 Rf6 21. Na3 Ra6 22. Qb5 Rb6 23. Qe2 Ba6 24. Nc4 Bd6 25. f3 exf3 26. Rxf3 Rf8 27. Qd3 Bxc4 28. bxc4 f4 29. Bh3 Kh8 30. Rdf2 Qg7 31. gxf4 gxf4+ 32. Rg2 Qa1+ 33. Rf1 Qe5 34. Be6 Rb2 35. exf4 Rxg2+ 36. Kxg2 Rxf4 37. Rxf4 Qxf4 38. h3 1/2-1/2

[Event "Belgrade Winter op"]
[Site "Belgrade"]
[Date "2006.01.25"]
[Round "5"]
[White "Antonic, Dusan"]
[Black "Milicevic I, Predrag"]
[Result "0-1"]
[WhiteElo "2011"]
[BlackElo "2169"]
[PlyCount "122"]
[EventDate "2006.01.21"]
[EventType "swiss"]
[EventRounds "9"]
[EventCountry "YUG"]
[SourceTitle "CBM 110 Extra"]
[Source "ChessBase"]
[SourceDate "2006.03.10"]
[SourceVersion "2"]
[SourceVersionDate "2006.03.10"]
[SourceQuality "1"]

1. d4 Nf6 2. c4 e6 3. Bg5 d5 4. Nc3 Nbd7 5. Nf3 c6 6. e3 Qa5 7. Nd2 Bb4 8. Qc2 Ne4 9. Ndxe4 dxe4 10. Bf4 0-0 11. Be2 e5 12. dxe5 Nxe5 13. Rc1 Bf5 14. Bxe5 Qxe5 15. a3 Bd6 16. h4 h6 17. b4 Rad8 18. c5 Bc7 19. h5 Rfe8 20. Rh4 Qf6 21. g3 Qe6 22. Na4 Rd7 23. Rd1 Bd8 24. Rh1 Bf6 25. Nb2 Qa2 26. Rb1 Red8 27. Bc4 Qxa3 28. Nd1 Bg4 29. Be2 Rd2 30. Qxd2 Rxd2 31. Bxg4 Bc3 32. Kf1 Bxb4 33. Kg2 a5 34. Bf5 Qd3 35. Ra1 Qd5 36. Bc8 Qxc5 37. Bxb7 Qf5 38. Rf1 Qxh5 39. Bxc6 Qf3+ 40. Kh3 Qf6 41. Rc1 Rd6 42. Bb7 Qf5+ 43. Kh2 g6 44. Kg1 Qe5 45. Rc4 f5 46. Rc2 Rd2 47. Rxd2 Bxd2 48. Bc6 Qc5 49. Be8 Qb6 50. Kg2 Kf8 51. Ba4 Qb4 52. Bc6 Qc4 53. Bb7 Qb5 54. Ba8 Ke7 55. f3 Qe2+ 56. Rf2 Qxd1 57. fxe4 Bxe3 58. Ra2 Qg1+ 59. Kh3 Qh1+ 60. Rh2 Qf1+ 61. Rg2 Qf3 0-1

[Event "Belgrade Winter op"]
[Site "Belgrade"]
[Date "2006.01.24"]
[Round "4"]
[White "Milicevic I, Predrag"]
[Black "Pucarevic, Milenko"]
[Result "0-1"]
[WhiteElo "2169"]
[BlackElo "2268"]
[PlyCount "84"]
[EventDate "2006.01.21"]
[EventType "swiss"]
[EventRounds "9"]
[EventCountry "YUG"]
[SourceTitle "CBM 110 Extra"]
[Source "ChessBase"]
[SourceDate "2006.03.10"]
[SourceVersion "2"]
[SourceVersionDate "2006.03.10"]
[SourceQuality "1"]

1. d4 Nf6 2. c4 e6 3. Nc3 Bb4 4. f3 0-0 5. e4 c5 6. d5 d6 7. Bd3 b5 8. Nge2 exd5 9. cxd5 c4 10. Bc2 Qb6 11. a4 bxa4 12. Nd4 a3 13. Kf1 Bd7 14. Rb1 axb2 15. Rxb2 a5 16. Bg5 Ne8 17. Be7 Qa7 18. Qd2 Na6 19. Bxf8 Kxf8 20. g4 Nc5 21. Nde2 Nb3 22. Bxb3 cxb3 23. Rxb3 Nc7 24. Kg2 Na6 25. Rhb1 Rc8 26. Qf4 Qc7 27. Na2 Nc5 28. Nxb4 Nxb3 29. Rxb3 axb4 30. Rxb4 Ra8 31. Qd2 h6 32. Qb2 Kg8 33. Rb7 Qc8 34. h3 Kh7 35. Kg3 Be8 36. Rb4 Qc5 37. Rb3 Ra4 38. Rc3 Qa7 39. Nc1 Qg1+ 40. Kf4 g5+ 41. Kf5 Qd4 42. Nd3 Bd7# 0-1